Loading...
| Current Events | 3 | 16.67 | 100% | 67% | 0% |
| Fine Arts - Classical Music | 4 | 17.50 | 100% | 75% | 0% |
| Fine Arts - Other Fine Arts | 7 | 18.57 | 100% | 71% | 14% |
| Geography | 3 | 16.67 | 100% | 67% | 0% |
| History - American History | 10 | 21.00 | 90% | 80% | 40% |
| History - European History | 7 | 21.43 | 100% | 71% | 43% |
| History - Other History | 8 | 26.25 | 100% | 88% | 75% |
| History - World History | 5 | 26.00 | 100% | 100% | 60% |
| Literature - American Literature | 8 | 22.50 | 100% | 75% | 50% |
| Literature - British Literature | 9 | 17.78 | 100% | 78% | 0% |
| Literature - European Literature | 8 | 21.25 | 100% | 63% | 50% |
| Literature - World Literature | 11 | 19.09 | 100% | 82% | 9% |
| Mythology | 5 | 28.00 | 100% | 80% | 100% |
| Painting/Sculpture | 6 | 23.33 | 100% | 100% | 33% |
| Philosophy | 8 | 21.25 | 88% | 88% | 38% |
| Pop Culture | 3 | 16.67 | 67% | 67% | 33% |
| Popular Culture | 1 | 20.00 | 100% | 100% | 0% |
| Religion | 9 | 25.56 | 100% | 100% | 56% |
| Science - Biology | 4 | 22.50 | 100% | 100% | 25% |
| Science - Chemistry | 6 | 25.00 | 100% | 83% | 67% |
| Science - Other Science | 7 | 20.00 | 100% | 71% | 29% |
| Science - Physics | 7 | 17.14 | 100% | 57% | 14% |
| Social Science | 6 | 20.00 | 100% | 83% | 17% |